| 000 | 00538nam a2200193 a 4500 | ||
|---|---|---|---|
| 001 | 1807 | ||
| 005 | 20140414131927.0 | ||
| 008 | 010323s19uu xx 00 eng d | ||
| 020 | _a0-7214-1182-7 | ||
| 050 |
_aER _bP58 1989 |
||
| 100 | _aHaselden, Mary | ||
| 245 |
_aPicture reading rhymes / _cby Mary Haselden ; illustrated by Toni Goffe. |
||
| 260 |
_aLeicestershire, UK : _bLadybird Books, _c1989. |
||
| 300 | _a1 v. p. : ill. ; cm. | ||
| 440 | _aEasy to read | ||
| 650 | _aRhymes. | ||
| 650 | _aPicture books. | ||
| 999 |
_c112067 _d112067 |
||